| 000 | 00696na a2200253 4500 | ||
|---|---|---|---|
| 001 | 14143 | ||
| 003 | MIRAKIL | ||
| 005 | 20181213154734.0 | ||
| 008 | 161102b tu 000 0 | ||
| 020 | _a9759798751 | ||
| 035 | _a14143 | ||
| 040 |
_aMilas _btur _cTR-AnCHP |
||
| 082 |
_a811.42 _bK49k 2006 |
||
| 090 | _a811.42 K49k 2006 | ||
| 100 | _aKıyat, Mehmet | ||
| 245 |
_aKentlerimiz kent olmadı _bKöyde kaldı cumhuriyet _cMehmet Kıyat |
||
| 246 | _aKöyde kaldı cumhuriyet | ||
| 260 |
_aAnkara _bDoku yayınları _c2006 |
||
| 300 |
_a122 s. _c20 sm. |
||
| 650 | _aTürkçe şiir | ||
| 650 |
_aTürk edebiyatı _xŞiirler |
||
| 740 | _aKöyde kaldı cumhuriyet | ||
| 942 |
_2ddc _cBKS |
||
| 999 |
_c122 _d122 |
||